[Event "Bayerische EM 2019 Allgemeine Gruppe"]
[Site "Rosenheim"]
[Date "2019.08.25"]
[Round "1.1"]
[White "Pfadenhauer, Johannes"]
[Black "Englert, Fabian"]
[Result "0-1"]
[WhiteElo "2167"]
[BlackElo "2422"]
[PlyCount "156"]
[EventDate "2019.??.??"]
[WhiteTeam "TSV Bindlach Aktionär"]
[BlackTeam "SK Klingenberg"]

1. d4 Nf6 2. Bg5 b6 3. Nc3 Bb7 4. f3 d5 5. Qd2 e6 6. O-O-O Be7 7. e4 dxe4 8.
fxe4 Nxe4 9. Nxe4 Bxe4 10. Bb5+ Nd7 11. Bxe7 Qxe7 12. Re1 Bb7 13. Nf3 O-O-O 14.
Qc3 Bxf3 15. Bxd7+ Qxd7 16. Qxf3 Kb8 17. Rhf1 Qxd4 18. Rd1 Qh4 19. Qxf7 Qg5+
20. Kb1 Qxg2 21. a3 g6 22. h4 Qc6 23. Rxd8+ Rxd8 24. Qxh7 e5 25. Qe7 Re8 26.
Qg5 e4 27. Rf6 Qd7 28. Qxg6 e3 29. Rf1 e2 30. Re1 Qd1+ 31. Ka2 Rc8 32. Qg1 Qxc2
33. Qe3 Qc4+ 34. Ka1 Rd8 35. Qxe2 Qxh4 36. Rd1 Rxd1+ 37. Qxd1 Qe4 38. Qd8+ Kb7
39. Qd7 Qh1+ 40. Ka2 Qc6 41. Qg7 a5 42. Qe7 b5 43. Kb1 Qh1+ 44. Ka2 Qd5+ 45.
Ka1 Qc4 46. Qe5 Qf1+ 47. Ka2 Qf7+ 48. Ka1 Qc4 49. Qf5 Qc6 50. Qe5 Qd7 51. Qc3
Ka6 52. Qh8 Qd1+ 53. Ka2 Qd5+ 54. Ka1 b4 55. axb4 axb4 56. Qc8+ Kb6 57. Qb8+
Qb7 58. Qf8 b3 59. Qf2+ c5 60. Qf6+ Ka7 61. Qh6 Qa6+ 62. Qxa6+ Kxa6 63. Kb1 Kb5
64. Kc1 Kc4 65. Kd2 Kd4 66. Ke2 c4 67. Kd2 Ke4 68. Kc3 Kd5 69. Kd2 Kd4 70. Kc1
Ke3 71. Kd1 Kd3 72. Kc1 Ke2 73. Kb1 Kd2 74. Ka1 c3 75. bxc3 Kc2 76. c4 b2+ 77.
Ka2 b1=Q+ 78. Ka3 Qb3# 0-1

[Event "Bayerische EM 2019 Allgemeine Gruppe"]
[Site "Rosenheim"]
[Date "2019.08.25"]
[Round "1.2"]
[White "Miller, Eduard"]
[Black "Liepold, Stefan"]
[Result "1-0"]
[WhiteElo "2401"]
[BlackElo "2166"]
[PlyCount "69"]
[EventDate "2019.??.??"]
[WhiteTeam "SC Erlangen"]
[BlackTeam "SC Erlangen"]

1. c4 e5 2. Nc3 Nc6 3. g3 g6 4. Bg2 d6 5. Rb1 Bf5 6. d3 Bg7 7. b4 Qd7 8. b5 Nd8
9. Nd5 c6 10. bxc6 bxc6 11. Ne3 Be6 12. Ba3 Ne7 13. Nf3 O-O 14. Ng5 Nf5 15. Nc2
Rc8 16. O-O c5 17. Nxe6 fxe6 18. Qd2 Qa4 19. Rb5 Bh6 20. Qa5 Qxc2 21. Rb2 Bd2
22. Qa6 Qc3 23. Qxc8 Nd4 24. e3 Ne2+ 25. Kh1 Qxd3 26. Rd1 Qxa3 27. Rbxd2 Nc3
28. Rf1 Qa5 29. Rxd6 Nf7 30. Qxe6 Qxa2 31. Ra6 Qe2 32. Kg1 Qd3 33. Rxa7 e4 34.
h4 Nb1 35. Bxe4 1-0

[Event "Bayerische EM 2019 Allgemeine Gruppe"]
[Site "Rosenheim"]
[Date "2019.08.25"]
[Round "1.3"]
[White "Heimrath, Reiner"]
[Black "Hess, Max"]
[Result "1-0"]
[WhiteElo "2165"]
[BlackElo "2343"]
[PlyCount "141"]
[EventDate "2019.??.??"]
[WhiteTeam "SC Noris-Tarrasch Nürnberg"]
[BlackTeam "SC Garching"]

1. e4 c5 2. Nc3 a6 3. g3 b5 4. Bg2 Bb7 5. Nge2 e6 6. O-O b4 7. Na4 Nf6 8. d4
Bxe4 9. f3 Bg6 10. Nxc5 Nc6 11. Ne4 Be7 12. Kh1 d5 13. Nf2 Qb6 14. Be3 O-O 15.
Nf4 Rfc8 16. N2d3 Nd7 17. Bg1 Bf6 18. Nxg6 hxg6 19. Ne5 Bxe5 20. dxe5 Qc7 21.
f4 Na5 22. Rc1 Nc4 23. Bd4 Qa5 24. Qe2 Qb5 25. h4 Nd6 26. Qd2 Nf5 27. Bf2 Nb6
28. g4 Nc4 29. Qe2 Ne7 30. b3 Nd6 31. Qe1 Ne4 32. Bd4 Rc7 33. Bxe4 dxe4 34.
Qxe4 Rac8 35. Rf2 Qd5 36. Qxd5 Nxd5 37. Kg2 Kf8 38. Kf3 Nc3 39. Bxc3 Rxc3+ 40.
Kg2 R8c5 41. Rd2 Ke7 42. Kf2 a5 43. Kg2 f6 44. Re2 fxe5 45. fxe5 Rd5 46. Kh2
Rd4 47. Rg1 Kd7 48. Rg3 Rc5 49. Rd3 Rxd3 50. cxd3 Rc3 51. Kg3 Rxd3+ 52. Kf4 Kc6
53. Kg5 Rg3 54. Rd2 Kc5 55. Kxg6 Rxg4+ 56. Kf7 Rxh4 57. Kxe6 Re4 58. Rc2+ Kb5
59. Kd5 Re3 60. e6 g5 61. Kd6 Rd3+ 62. Kc7 Re3 63. Kd7 Rd3+ 64. Ke8 a4 65.
bxa4+ Kxa4 66. e7 g4 67. Re2 Rh3 68. Kf7 Rh7+ 69. Kg6 Rxe7 70. Rxe7 g3 71. Re2
1-0

[Event "Bayerische EM 2019 Allgemeine Gruppe"]
[Site "Rosenheim"]
[Date "2019.08.25"]
[Round "1.4"]
[White "Singer, Christoph"]
[Black "Zepke, Armin"]
[Result "1-0"]
[WhiteElo "2327"]
[BlackElo "2122"]
[PlyCount "127"]
[EventDate "2019.??.??"]
[WhiteTeam "FC Bayern München"]
[BlackTeam "SC Bayerwald"]

1. e4 c6 2. d4 d5 3. exd5 cxd5 4. Bd3 Nc6 5. c3 Qc7 6. Ne2 Nf6 7. Bf4 Qb6 8.
Qb3 e6 9. Qxb6 axb6 10. Bc7 Nd7 11. O-O Be7 12. Nd2 Bd8 13. Bd6 Be7 14. Bc7 Bd8
15. Bg3 Nf6 16. h3 O-O 17. a3 Ne8 18. Rae1 Bc7 19. Bxc7 Nxc7 20. f4 f5 21. Nf3
Bd7 22. Nc1 Nd8 23. Ne5 Bc6 24. g4 fxg4 25. hxg4 Nf7 26. Kg2 Nxe5 27. Rxe5 Rae8
28. Rh1 g6 29. Kg3 Bb5 30. Bc2 Kg7 31. g5 Rf7 32. Rh4 Rh8 33. Bb1 h5 34. Nb3
Ba4 35. Nd2 Bd1 36. Nf1 Rhf8 37. Ne3 Bb3 38. Bd3 b5 39. Bb1 Bc4 40. Bc2 Be2 41.
Rh2 Bg4 42. Nxg4 hxg4 43. Rf2 Rh8 44. Ree2 Rff8 45. Rh2 Rh5 46. Kxg4 Rfh8 47.
Kg3 Rxh2 48. Rxh2 Rxh2 49. Kxh2 Ne8 50. Bd3 Nd6 51. Kg3 Nc4 52. b3 Na5 53. Bc2
b6 54. Kf3 Nb7 55. Ke3 Nd6 56. Bd3 Kf7 57. Kd2 Kg7 58. Kc2 Kf7 59. Kb2 Nf5 60.
Bxf5 exf5 61. a4 bxa4 62. bxa4 Ke6 63. Kb3 Kd6 64. Kb4 1-0

[Event "Bayerische EM 2019 Allgemeine Gruppe"]
[Site "Rosenheim"]
[Date "2019.08.25"]
[Round "1.5"]
[White "Hanisch, Sebastian"]
[Black "Ciolek, Andreas"]
[Result "0-1"]
[WhiteElo "2116"]
[BlackElo "2314"]
[PlyCount "88"]
[EventDate "2019.??.??"]
[WhiteTeam "SC Kempten"]
[BlackTeam "Münchener SC"]

1. Nf3 Nf6 2. c4 g6 3. b3 Bg7 4. Bb2 d6 5. g3 O-O 6. Bg2 e5 7. O-O Nbd7 8. Nc3
Re8 9. e4 Nc5 10. Qc2 Bg4 11. h3 Bxf3 12. Bxf3 Ne6 13. Ne2 Nd7 14. Bg2 Nb8 15.
f4 Nc6 16. Rae1 a5 17. f5 Nb4 18. Qb1 Nc5 19. Rf3 Qd7 20. Bc1 a4 21. a3 Nc6 22.
b4 Nb3 23. g4 Bh6 24. Qd3 Nbd4 25. Rf2 Nxe2+ 26. Rexe2 Nd4 27. Re1 Bg5 28. Qf1
Bh4 29. d3 f6 30. fxg6 hxg6 31. Rxf6 Bxf6 32. Qxf6 Qg7 33. Qh4 Rf8 34. Bh6 Qf6
35. g5 Qf4 36. Qxf4 Rxf4 37. Rf1 Rxf1+ 38. Kxf1 Nc2 39. h4 Nxa3 40. Bh3 Nc2 41.
Be6+ Kh7 42. h5 Nd4 43. Bf7 gxh5 44. c5 a3 0-1

[Event "Bayerische EM 2019 Allgemeine Gruppe"]
[Site "Rosenheim"]
[Date "2019.08.25"]
[Round "1.6"]
[White "Schulz, Lukas"]
[Black "Wilfert, André"]
[Result "1-0"]
[WhiteElo "2314"]
[BlackElo "2102"]
[PlyCount "147"]
[EventDate "2019.??.??"]
[WhiteTeam "SC Erlangen"]
[BlackTeam "1.FC Marktleuthen"]

1. e4 c5 2. Nf3 e6 3. Nc3 a6 4. d4 cxd4 5. Nxd4 Qc7 6. g4 Nc6 7. Be3 Bb4 8.
Nxc6 Bxc3+ 9. bxc3 dxc6 10. f4 Ne7 11. Bg2 O-O 12. O-O f5 13. h3 c5 14. Qe2
fxe4 15. Qc4 Nd5 16. Qxc5 Qxc5 17. Bxc5 Rxf4 18. Bxe4 Rxf1+ 19. Rxf1 Bd7 20. c4
Rc8 21. Bd6 Ne3 22. Bxb7 Nxf1 23. Bxc8 Bxc8 24. Kxf1 Kf7 25. Be5 g6 26. g5 Bb7
27. Kf2 Be4 28. c3 Ke7 29. Ke3 Bb1 30. a3 Kd7 31. Kd4 Kc6 32. h4 Ba2 33. Bg7
Bb3 34. Bf8 Bc2 35. Ke5 Bd3 36. c5 Bf5 37. Bd6 Bg4 38. Kf6 Kd5 39. c4+ Kc6 40.
Ke5 Bf5 41. Kd4 a5 42. Bg3 Bg4 43. Bf2 Be2 44. Ke5 Bxc4 45. Kf6 Kd5 46. Kg7 Be2
47. Kxh7 Bh5 48. Kg7 a4 49. Kf6 e5 50. Bg1 e4 51. Bf2 Kc6 52. Ke5 Bf3 53. Be3
Kc7 54. Kd5 Kd7 55. c6+ Kc7 56. Bf4+ Kc8 57. Kc5 Be2 58. Kb4 Bd1 59. Kb5 Bb3
60. Bg3 Bd1 61. h5 Bxh5 62. Kxa4 Bg4 63. Bf4 Be2 64. Kb4 Bd1 65. a4 Bc2 66. a5
Bd3 67. Kc5 e3 68. Bxe3 Kb8 69. Kd6 Bf5 70. a6 Ka8 71. Ke7 Bc8 72. Kd8 Bf5 73.
c7 Bc8 74. Bc1 1-0

[Event "Bayerische EM 2019 Allgemeine Gruppe"]
[Site "Rosenheim"]
[Date "2019.08.25"]
[Round "1.7"]
[White "Schmahl, Stephan"]
[Black "Schmid, Roland"]
[Result "1-0"]
[WhiteElo "2101"]
[BlackElo "2296"]
[PlyCount "129"]
[EventDate "2019.??.??"]
[WhiteTeam "SC Bavaria Regensburg von 1881"]
[BlackTeam "Post Regensburg"]

1. d4 d5 2. c4 c6 3. Nf3 e6 4. g3 Bd6 5. Bg2 f5 6. O-O Nf6 7. b3 Qe7 8. a4 a5
9. Ba3 Bxa3 10. Nxa3 Nbd7 11. Nc2 b6 12. Ne3 Bb7 13. cxd5 cxd5 14. Rc1 Qd6 15.
Qc2 Ba6 16. Qc6 Ke7 17. Qc2 Rhc8 18. Qb2 Ne4 19. Ne5 Nxe5 20. dxe5 Qb4 21. Bxe4
fxe4 22. Rfd1 Rxc1 23. Rxc1 Rc8 24. Rxc8 Bxc8 25. Nc2 Qd2 26. Qa3+ Ke8 27. Ne3
Bd7 28. Qd6 d4 29. Nc4 Qe1+ 30. Kg2 e3 31. Qxd4 Qxf2+ 32. Kh3 Qf1+ 33. Kh4 h6
34. Nd6+ Ke7 35. Qg4 g5+ 36. Kh5 Qf8 37. Qe4 Be8+ 38. Nxe8 Qxe8+ 39. Qg6 Qc6
40. Qf6+ Kd7 41. Kxh6 Qg2 42. Qf7+ Kd8 43. Qf8+ Kc7 44. Qd6+ Kb7 45. Qd7+ Kb8
46. Qb5 Qxh2+ 47. Kxg5 Qxg3+ 48. Kf6 Ka7 49. Kxe6 Qg8+ 50. Kd6 Qf8+ 51. Kd5
Qd8+ 52. Ke4 Qh4+ 53. Kxe3 Qg3+ 54. Ke4 Qh4+ 55. Kd3 Qh3+ 56. Kc2 Qe3 57. Qd7+
Ka8 58. e6 Qxe2+ 59. Kc3 Qf3+ 60. Kc4 Qe2+ 61. Kd5 Qf3+ 62. Kd6 Qd3+ 63. Kc7
Qg3+ 64. Qd6 Qg7+ 65. e7 1-0

[Event "Bayerische EM 2019 Allgemeine Gruppe"]
[Site "Rosenheim"]
[Date "2019.08.25"]
[Round "1.8"]
[White "Kleibel, Uwe"]
[Black "Monninger, Moritz"]
[Result "1-0"]
[WhiteElo "2217"]
[BlackElo "2058"]
[PlyCount "135"]
[EventDate "2019.??.??"]
[WhiteTeam "SC Ortenburg"]
[BlackTeam "SK Herzogenaurach"]

1. e4 e6 2. d4 d5 3. exd5 exd5 4. Nf3 Bd6 5. c4 Nf6 6. Nc3 O-O 7. cxd5 Nbd7 8.
Be2 h6 9. Qb3 Nb6 10. O-O Re8 11. Ne5 Bxe5 12. dxe5 Rxe5 13. Bf4 Rf5 14. Bg3
Nbxd5 15. Nxd5 Nxd5 16. Rad1 c6 17. Rfe1 Rg5 18. Bd3 Bg4 19. Rd2 Qa5 20. Qxb7
Rf8 21. Rde2 Bxe2 22. Rxe2 Qc5 23. Rc2 Qb4 24. Qxa7 Re8 25. h4 Rg4 26. Re2 Rxe2
27. Qa8+ Qf8 28. Bh7+ Kxh7 29. Qxf8 Re7 30. b3 Ra7 31. Qc8 Nf6 32. Be5 Rxh4 33.
Qf5+ Kg8 34. Bxf6 gxf6 35. Qxf6 Rh5 36. Qd8+ Kh7 37. Qd3+ Kg8 38. a4 Raa5 39.
f4 Rhd5 40. Qg3+ Kf8 41. Qc3 Rac5 42. Qh8+ Ke7 43. Qxh6 Rc1+ 44. Kh2 Rdd1 45.
Qg7 Rb1 46. Qe5+ Kd7 47. Qf5+ Ke7 48. Qc2 Rdc1 49. Qe4+ Kd6 50. Qe5+ Kd7 51. f5
Rh1+ 52. Kg3 Rxb3+ 53. Kf2 Rbb1 54. Qf6 Rh7 55. Qd4+ Kc7 56. a5 Rb5 57. Qa7+
Kd6 58. f6 Rb2+ 59. Kf3 Rb3+ 60. Ke2 Kd5 61. Qd7+ Ke5 62. Qe7+ Kf4 63. Qd6+ Kf5
64. Qxc6 Rb2+ 65. Kd3 Rh2 66. Qe4+ Kxf6 67. Qf4+ Ke6 68. Qxh2 1-0

[Event "Bayerische EM 2019 Allgemeine Gruppe"]
[Site "Rosenheim"]
[Date "2019.08.25"]
[Round "1.9"]
[White "Palmi, Herbert"]
[Black "Salvermoser, Bernd"]
[Result "0-1"]
[WhiteElo "2056"]
[BlackElo "2208"]
[PlyCount "94"]
[EventDate "2019.??.??"]
[WhiteTeam "SC Bayerwald"]
[BlackTeam "SK Penzberg"]

1. c4 f5 2. Nc3 Nf6 3. d3 e5 4. f4 Nc6 5. fxe5 Nxe5 6. Nf3 Nxf3+ 7. exf3 Bb4 8.
a3 Bxc3+ 9. bxc3 O-O 10. Be2 d5 11. d4 b6 12. O-O Re8 13. Bg5 Ba6 14. Re1 Bxc4
15. Bxc4 dxc4 16. Qa4 Qd5 17. Bxf6 Rxe1+ 18. Rxe1 gxf6 19. Re8+ Rxe8 20. Qxe8+
Kg7 21. Qe7+ Qf7 22. Qe3 Qd7 23. h3 Kf7 24. Kf2 Qe7 25. Qf4 Ke6 26. d5+ Kxd5
27. Qxf5+ Kc6 28. Kg3 b5 29. a4 Qe5+ 30. Qxe5 fxe5 31. axb5+ Kxb5 32. Kf2 a5
33. Ke3 a4 34. Kd2 a3 35. Kc2 Ka4 36. g3 a2 37. Kb2 a1=Q+ 38. Kxa1 Kb3 39. f4
e4 40. Kb1 e3 41. Kc1 Kxc3 42. Kd1 Kd3 43. f5 e2+ 44. Ke1 Ke3 45. f6 c3 46. f7
c2 47. f8=Q c1=Q# 0-1

[Event "Bayerische EM 2019 Allgemeine Gruppe"]
[Site "Rosenheim"]
[Date "2019.08.25"]
[Round "1.10"]
[White "Hofstetter, Hans-Joachim"]
[Black "Großhans, Ralf-Michael"]
[Result "0-1"]
[WhiteElo "2207"]
[BlackElo "2051"]
[PlyCount "174"]
[EventDate "2019.??.??"]
[WhiteTeam "SK Bad Neustadt"]
[BlackTeam "SC Bamberg"]

1. e4 Nf6 2. d3 e5 3. Nf3 Nc6 4. Be2 d5 5. Nbd2 Be7 6. c3 a5 7. O-O h6 8. Qa4
O-O 9. b4 Bd6 10. b5 Ne7 11. Re1 Ng6 12. exd5 Nxd5 13. Ne4 Ndf4 14. Bf1 Bg4 15.
Nxd6 Bxf3 16. Ne4 Bg4 17. Ng3 Be6 18. Ba3 Re8 19. Qc2 f5 20. c4 h5 21. Bb2 Qg5
22. Re3 h4 23. Ne2 Nxg2 24. Bxg2 f4 25. Kh1 fxe3 26. fxe3 Qxe3 27. Bxb7 Rab8
28. Be4 Bg4 29. Ng1 Nf4 30. Bc3 Rbd8 31. Re1 Qb6 32. Qd2 a4 33. h3 Nxh3 34.
Nxh3 Bxh3 35. Qf2 Qe6 36. Re2 Bf5 37. Bd5 Rxd5 38. cxd5 Qxd5+ 39. Qg2 Qxg2+ 40.
Kxg2 e4 41. dxe4 Bxe4+ 42. Kh2 Bc6 43. Rxe8+ Bxe8 44. Kh3 Bxb5 45. Kxh4 a3 46.
Bb4 Bc4 47. Bxa3 Bxa2 48. Kg5 Kf7 49. Bc5 Bb1 50. Bd4 g6 51. Bc5 Ke6 52. Kf4
Kd5 53. Be7 c5 54. Bf6 Bf5 55. Ke3 Ke6 56. Bd8 c4 57. Bg5 Bd3 58. Kf4 Kd5 59.
Bf6 Kc5 60. Ke3 Kb4 61. Kd2 Kb3 62. Bg5 Be4 63. Bf6 Bf5 64. Bg5 c3+ 65. Kc1 Kc4
66. Bf6 Kd3 67. Bg5 Ke2 68. Bf6 c2 69. Bg5 Kf3 70. Kd2 Kg4 71. Be3 Be4 72. Ke2
Bf3+ 73. Kf2 Bd1 74. Kg2 Kf5 75. Kf2 Ke4 76. Bg5 Kd3 77. Ke1 Ke4 78. Kf2 Kf5
79. Bd2 Kg4 80. Be3 Bf3 81. Bc1 g5 82. Bd2 Be4 83. Ke2 Bg6 84. Kf2 Kh4 85. Kg2
Be4+ 86. Kh2 g4 87. Be1+ g3+ 0-1

[Event "Bayerische EM 2019 Allgemeine Gruppe"]
[Site "Rosenheim"]
[Date "2019.08.25"]
[Round "1.11"]
[White "Brunner, Tobias"]
[Black "Kaunzinger, Albert"]
[Result "0-1"]
[WhiteElo "1985"]
[BlackElo "2200"]
[PlyCount "156"]
[EventDate "2019.??.??"]
[WhiteTeam "SC Windischeschenbach"]
[BlackTeam "SC Gröbenzell"]

1. e4 d5 2. exd5 Qxd5 3. Nc3 Qa5 4. Bc4 Nf6 5. d3 c6 6. Bd2 Qc7 7. h3 b5 8. Bb3
Nbd7 9. Nf3 Nc5 10. Be3 e6 11. O-O a5 12. Bxc5 Bxc5 13. a4 b4 14. Ne2 O-O 15.
Qd2 Bb7 16. c3 Rfd8 17. d4 Bd6 18. Qe3 c5 19. Ne5 Bxe5 20. dxe5 Nd5 21. Qg3 Ne7
22. Rad1 Be4 23. Qe3 Qc6 24. Qg5 Qc7 25. Ng3 Bg6 26. cxb4 axb4 27. Rc1 Rd4 28.
Rfd1 Rxd1+ 29. Bxd1 c4 30. Qf4 Rc8 31. Be2 c3 32. Qxb4 c2 33. Bf3 Rd8 34. Nf1
Nd5 35. Qh4 h6 36. Be4 Bxe4 37. Qxe4 Rc8 38. a5 Qxa5 39. Rxc2 Rxc2 40. Qxc2 Qe1
41. Qc4 Qxe5 42. b4 Qe1 43. Qc8+ Kh7 44. Qc2+ g6 45. Qd2 Qb1 46. g3 g5 47. Qd4
Qxb4 48. Qxb4 Nxb4 49. Kg2 Nd5 50. Nd2 Kg6 51. Kf3 f5 52. Nc4 Kf6 53. Ke2 Nc3+
54. Kd3 Nd5 55. Ke2 e5 56. Kd3 Ke6 57. Nd2 h5 58. Ke2 Nb4 59. Nf3 Kf6 60. Nd2
Nc6 61. Ke3 Ne7 62. Kd3 Ng6 63. Ke3 Nf8 64. Nc4 Ne6 65. Nd2 Nc7 66. Kd3 Nd5 67.
Kc4 Nb6+ 68. Kb5 Nd7 69. Kc6 Nf8 70. Kd5 Ng6 71. Nf3 h4 72. gxh4 gxh4 73. Kd6
e4 74. Ng1 Nf4 75. Kc5 Nd3+ 76. Kd4 Nxf2 77. Ke3 Nd1+ 78. Kf4 Nc3 0-1

[Event "Bayerische EM 2019 Allgemeine Gruppe"]
[Site "Rosenheim"]
[Date "2019.08.25"]
[Round "1.12"]
[White "Bensch, Patrick"]
[Black "Beesk, Kevin"]
[Result "1/2-1/2"]
[WhiteElo "2197"]
[BlackElo "1969"]
[PlyCount "108"]
[EventDate "2019.??.??"]
[WhiteTeam "SC Rottal-Inn"]
[BlackTeam "SK Neumarkt"]

1. c4 c5 2. Nf3 b6 3. Nc3 Bb7 4. e4 d6 5. d4 cxd4 6. Nxd4 Nf6 7. f3 e6 8. Be3
a6 9. Be2 Nbd7 10. O-O Rc8 11. Rc1 Be7 12. Qd2 O-O 13. Rfd1 Qc7 14. Bf1 Rfe8
15. Kh1 Qb8 16. Bg1 h5 17. b4 h4 18. Qf2 g6 19. Nc2 Kg7 20. Na4 Bd8 21. Qd4 Bc7
22. Qb2 Rh8 23. Bd4 e5 24. Bf2 Bd8 25. Ne3 Nh5 26. Nc3 Nf8 27. Kg1 Ne6 28. Ned5
Bxd5 29. Nxd5 Nhf4 30. Be3 Bg5 31. Qd2 Nxd5 32. cxd5 Bxe3+ 33. Qxe3 Nd4 34.
Bxa6 Rxc1 35. Rxc1 Qa7 36. b5 Qd7 37. a4 h3 38. g3 Rf8 39. a5 bxa5 40. b6 Qa4
41. b7 Qa2 42. Qf2 Qb3 43. Rc8 Nxf3+ 44. Kh1 Qb1+ 45. Bf1 Qxb7 46. Rxf8 Kxf8
47. Qxf3 Qb1 48. Kg1 a4 49. Kf2 Qb2+ 50. Qe2 Qd4+ 51. Qe3 Qb2+ 52. Qe2 Qd4+ 53.
Qe3 Qb2+ 54. Qe2 Qd4+ 1/2-1/2

[Event "Bayerische EM 2019 Allgemeine Gruppe"]
[Site "Rosenheim"]
[Date "2019.08.25"]
[Round "1.13"]
[White "Braun, Kristin"]
[Black "Häußler, Phillip"]
[Result "0-1"]
[WhiteElo "1923"]
[BlackElo "2192"]
[PlyCount "116"]
[EventDate "2019.??.??"]
[WhiteTeam "SC JÄKLECHEMIE"]
[BlackTeam "SG Pang-Rosenheim"]

1. e4 e6 2. d4 d5 3. exd5 exd5 4. Nf3 Bg4 5. Be3 Nf6 6. c4 Bb4+ 7. Nc3 Nc6 8.
a3 Bxc3+ 9. bxc3 O-O 10. Be2 dxc4 11. Bxc4 Nd5 12. O-O Qd6 13. Bd2 Rad8 14. Be2
Nf4 15. Bxf4 Qxf4 16. Re1 Rd6 17. h3 Bc8 18. Qd2 Qf6 19. Qg5 Qxg5 20. Nxg5 Rg6
21. h4 h6 22. Nf3 Rd6 23. Bb5 Be6 24. Re3 Ne7 25. Rc1 Nd5 26. Re5 Rb6 27. a4
Rd6 28. c4 Nf6 29. c5 Rdd8 30. Bc4 Bxc4 31. Rxc4 Nd5 32. Ne1 f6 33. Re2 Rf7 34.
Nc2 c6 35. Kf1 Rfd7 36. Nb4 Ne7 37. Rd2 Kf7 38. Ke2 a5 39. g3 g6 40. Nc2 Nf5
41. Kd3 h5 42. Kc3 g5 43. Ne3 Ne7 44. hxg5 fxg5 45. Kd3 Ng6 46. Ke4 Kf6 47. f4
Re7+ 48. Kf3 gxf4 49. gxf4 Rde8 50. Nc2 Re4 51. Rh2 Rxf4+ 52. Kg3 Kg5 53. Rf2
h4+ 54. Kg2 Kg4 55. Rxf4+ Nxf4+ 56. Kh2 Re2+ 57. Kg1 Nd5 58. Kh1 Kg3 0-1

[Event "Bayerische EM 2019 Allgemeine Gruppe"]
[Site "Rosenheim"]
[Date "2019.08.25"]
[Round "1.14"]
[White "Schelle, Artur"]
[Black "Greiml, Emmeran"]
[Result "1-0"]
[WhiteElo "2176"]
[BlackElo "1904"]
[PlyCount "81"]
[EventDate "2019.??.??"]
[WhiteTeam "SK Tarrasch München"]
[BlackTeam "SG Vogtareuth-Prutting"]

1. d4 c5 2. d5 Nf6 3. Nc3 d6 4. e4 g6 5. Bb5+ Nfd7 6. a4 a6 7. Be2 Bg7 8. Nf3
h5 9. O-O h4 10. h3 f6 11. Nd2 Ne5 12. f4 Nf7 13. Nc4 Nd7 14. a5 b5 15. axb6
Nxb6 16. Na5 Bd7 17. Bd3 Qc8 18. e5 Bf5 19. exd6 Nxd6 20. Re1 c4 21. Bxf5 Nxf5
22. Nc6 Kf7 23. Be3 Nxe3 24. Rxe3 Re8 25. Qd4 Qb7 26. Rae1 f5 27. Qc5 Bf6 28.
Re6 Rac8 29. Kh1 Qc7 30. Qf2 Nd7 31. Ne5+ Kg7 32. Rc6 Qb7 33. Nxd7 Qxd7 34. Qc5
Rxc6 35. dxc6 Qd2 36. Rd1 Qxc2 37. c7 Bxc3 38. Rd8 Qc1+ 39. Qg1 Qxg1+ 40. Kxg1
Bd4+ 41. Kf1 1-0

[Event "Bayerische EM 2019 Allgemeine Gruppe"]
[Site "Rosenheim"]
[Date "2019.08.26"]
[Round "2.1"]
[White "Englert, Fabian"]
[Black "Schelle, Artur"]
[Result "1-0"]
[WhiteElo "2422"]
[BlackElo "2176"]
[PlyCount "51"]
[EventDate "2019.??.??"]
[WhiteTeam "SK Klingenberg"]
[BlackTeam "SK Tarrasch Muenchen"]

1. d4 f5 2. g3 Nf6 3. Bg2 g6 4. Nh3 Bg7 5. c3 Nc6 6. Nf4 e5 7. dxe5 Nxe5 8. h4
c6 9. Nd2 d5 10. Nf3 Nfg4 11. Nd3 Qe7 12. Nfxe5 Nxe5 13. Bg5 Bf6 14. Nxe5 Qxe5
15. Qd2 Qe7 16. O-O-O O-O 17. Bxf6 Qxf6 18. h5 g5 19. h6 Kh8 20. Rh5 Rg8 21. f4
g4 22. c4 dxc4 23. Qd6 Qxd6 24. Rxd6 Re8 25. e4 fxe4 26. Re5 1-0

[Event "Bayerische EM 2019 Allgemeine Gruppe"]
[Site "Rosenheim"]
[Date "2019.08.26"]
[Round "2.2"]
[White "Salvermoser, Bernd"]
[Black "Miller, Eduard"]
[Result "0-1"]
[WhiteElo "2208"]
[BlackElo "2401"]
[PlyCount "80"]
[EventDate "2019.??.??"]
[WhiteTeam "SK Penzberg"]
[BlackTeam "SC Erlangen"]

1. d4 Nf6 2. c4 g6 3. Nc3 Bg7 4. e4 d6 5. Be2 O-O 6. Bg5 c5 7. d5 e6 8. Qd2
exd5 9. exd5 Qb6 10. Rc1 Bf5 11. f3 h5 12. h3 Nh7 13. Bf4 g5 14. Bxg5 Nxg5 15.
Qxg5 Qxb2 16. Nb5 Nd7 17. Nxd6 Bg6 18. g4 Bf6 19. Qe3 Bd4 20. Qd2 Qxd2+ 21.
Kxd2 Be5 22. Ne4 Bf4+ 23. Kd1 Bxc1 24. Kxc1 Rfe8 25. Bd3 Bxe4 26. fxe4 hxg4 27.
Rh2 Ne5 28. Kc2 Kg7 29. Rg2 Rh8 30. Be2 Kf6 31. Rf2+ Ke7 32. Rf5 f6 33. hxg4
Rag8 34. Nf3 Nxg4 35. Kb3 b6 36. Ka4 Ne3 37. Rf4 Rg2 38. Bd3 Rxa2+ 39. Kb5 Rc8
40. d6+ Kd8 0-1

[Event "Bayerische EM 2019 Allgemeine Gruppe"]
[Site "Rosenheim"]
[Date "2019.08.26"]
[Round "2.3"]
[White "Kaunzinger, Albert"]
[Black "Singer, Christoph"]
[Result "1/2-1/2"]
[WhiteElo "2200"]
[BlackElo "2327"]
[PlyCount "26"]
[EventDate "2019.??.??"]
[WhiteTeam "SC Groebenzell"]
[BlackTeam "FC Bayern Muenchen"]

1. c4 e6 2. g3 d5 3. Bg2 Nf6 4. Nf3 dxc4 5. Qa4+ c6 6. Qxc4 b5 7. Qc2 Bb7 8.
O-O Nbd7 9. b3 Rc8 10. Bb2 Be7 11. d3 O-O 12. Nbd2 h6 13. Ne5 Nxe5 1/2-1/2

[Event "Bayerische EM 2019 Allgemeine Gruppe"]
[Site "Rosenheim"]
[Date "2019.08.26"]
[Round "2.4"]
[White "Ciolek, Andreas"]
[Black "Heimrath, Reiner"]
[Result "1-0"]
[WhiteElo "2314"]
[BlackElo "2165"]
[PlyCount "73"]
[EventDate "2019.??.??"]
[WhiteTeam "Muenchener SC"]
[BlackTeam "SC Noris-Tarrasch Nuernberg"]

1. e4 d6 2. d4 Nf6 3. Nc3 e5 4. Nf3 Nbd7 5. Bc4 Be7 6. a4 a5 7. O-O O-O 8. Ba2
c6 9. dxe5 dxe5 10. Qe2 Qc7 11. Rd1 Nc5 12. Nh4 Re8 13. h3 Be6 14. Bxe6 Nxe6
15. Nf5 Bb4 16. Qf3 Nd4 17. Nxd4 exd4 18. Rxd4 Qe5 19. Be3 c5 20. Rd3 Bxc3 21.
bxc3 b6 22. Rb1 Re6 23. Bf4 Qxe4 24. Bc7 Qxf3 25. gxf3 c4 26. Rd4 Re2 27. Bxb6
h5 28. Rb5 Rxc2 29. Rxc4 Ne8 30. Rxa5 Rb8 31. Be3 g6 32. Rb4 Rd8 33. Bd4 Nd6
34. Rd5 Kf8 35. Bc5 Ke7 36. Re4+ Kf6 37. Bxd6 1-0

[Event "Bayerische EM 2019 Allgemeine Gruppe"]
[Site "Rosenheim"]
[Date "2019.08.26"]
[Round "2.5"]
[White "Haeussler, Phillip"]
[Black "Schulz, Lukas"]
[Result "0-1"]
[WhiteElo "2192"]
[BlackElo "2314"]
[PlyCount "80"]
[EventDate "2019.??.??"]
[WhiteTeam "SG Pang-Rosenheim"]
[BlackTeam "SC Erlangen"]

1. b3 e5 2. Bb2 Nc6 3. e3 d5 4. Bb5 Bd6 5. f4 Qh4+ 6. g3 Qe7 7. Nf3 f6 8. fxe5
fxe5 9. Bxc6+ bxc6 10. Nxe5 Nf6 11. Nxc6 Qe4 12. O-O Bh3 13. Rf2 Ng4 14. Nc3
Qh1+ 15. Kxh1 Nxf2+ 16. Kg1 Nxd1 17. Nxd1 O-O 18. Nf2 Bf5 19. Nd4 Bd7 20. Nd3
g5 21. Ne2 Bh3 22. Nf2 Bf5 23. Nd4 Bd7 24. Rf1 a5 25. c4 dxc4 26. bxc4 Rab8 27.
Nd3 Rxf1+ 28. Kxf1 c5 29. Ba3 Rb1+ 30. Ke2 cxd4 31. Bxd6 Bg4+ 32. Kf2 Rd1 33.
Ne5 Rxd2+ 34. Ke1 dxe3 35. Nxg4 Rxd6 36. Nxe3 Rb6 37. Nc2 Rb2 38. Kd2 Rxa2 39.
Kc3 a4 40. h4 g4 0-1

[Event "Bayerische EM 2019 Allgemeine Gruppe"]
[Site "Rosenheim"]
[Date "2019.08.26"]
[Round "2.6"]
[White "Grosshans, Ralf-Michael"]
[Black "Kleibel, Uwe"]
[Result "1/2-1/2"]
[WhiteElo "2051"]
[BlackElo "2217"]
[PlyCount "46"]
[EventDate "2019.??.??"]
[WhiteTeam "SC Bamberg"]
[BlackTeam "SC Ortenburg"]

1. e4 d6 2. d4 Nf6 3. Nc3 e5 4. dxe5 dxe5 5. Qxd8+ Kxd8 6. Bc4 Ke8 7. f3 c6 8.
Nge2 b5 9. Bd3 Bc5 10. a4 b4 11. Nd1 Be6 12. b3 a5 13. Nb2 Ke7 14. Bc4 Nbd7 15.
Bxe6 Kxe6 16. Nc4 Nb6 17. Nxb6 Bxb6 18. Bb2 Rhd8 19. Nc1 Nd7 20. Nd3 f6 21. Ke2
Nc5 22. Nxc5+ Bxc5 23. Rad1 Rxd1 1/2-1/2

[Event "Bayerische EM 2019 Allgemeine Gruppe"]
[Site "Rosenheim"]
[Date "2019.08.26"]
[Round "2.7"]
[White "Beesk, Kevin"]
[Black "Schmahl, Stephan"]
[Result "1/2-1/2"]
[WhiteElo "1969"]
[BlackElo "2101"]
[PlyCount "64"]
[EventDate "2019.??.??"]
[WhiteTeam "SK Neumarkt"]
[BlackTeam "SC Bavaria Regensburg von 1881"]

1. e4 e6 2. d4 d5 3. Nd2 Nf6 4. e5 Nfd7 5. Bd3 c5 6. c3 Nc6 7. Ne2 cxd4 8. cxd4
f6 9. exf6 Nxf6 10. Nf3 Bd6 11. O-O O-O 12. Bf4 Bxf4 13. Nxf4 Ng4 14. g3 g5 15.
Ng2 Qf6 16. Be2 Qh6 17. h4 gxh4 18. Ngxh4 Bd7 19. Qc1 Qg7 20. Qd2 a6 21. b4 Nf6
22. Rab1 Ne4 23. Qe3 Rf6 24. Bd3 Raf8 25. Bxe4 dxe4 26. Qxe4 Rf4 27. Qe3 Nxd4
28. Nxd4 Rxd4 29. Rfd1 Rxh4 30. Rxd7 Qxd7 31. Qg5+ Kh8 32. Qxh4 Qd5 1/2-1/2